La Rus, Russie!: Poèmes et petites histoires
Guardado en:
| Hovedforfatter: | |
|---|---|
| Format: | Bog |
| Sprog: | Undetermined |
| Udgivet: |
Lausanne, Suiza
Editions Empreintes
1995
|
| Fag: | |
| Tags: |
Tilføj Tag
Ingen Tags, Vær først til at tagge denne postø!
|
MARC
| LEADER | 00000nam a2200000Ia 4500 | ||
|---|---|---|---|
| 008 | 170316s9999 xx 000 0 und d | ||
| 090 | |a 800-S B-2r | ||
| 100 | |a Bille, Corinna | ||
| 245 | |a La Rus, Russie!: Poèmes et petites histoires | ||
| 260 | |a Lausanne, Suiza | ||
| 260 | |b Editions Empreintes | ||
| 260 | |c 1995 | ||
| 300 | |a 101 páginas | ||
| 650 | |a OTRAS LITERATURAS | ||
| 650 | |a LITERATURA SUIZA | ||
| 650 | |a EN IDIOMA FRANCÉS | ||
| 650 | |a POEMAS | ||
| 999 | |c 19979 |d 19979 | ||
| 040 | |a cru BVZT | ||
| 942 | |c 15 D |h 800-S B-2r |2 z | ||
